Adatbányászat kaszinói környezetben

Bibliográfiai részletek
Szerző: Móra Róbert
További közreműködők: Nam Son Dr. Hua
Dokumentumtípus: Diplomadolgozat
Kulcsszavak:Adatbányászat
RapidMiner
döntési fa
Online Access:http://dolgozattar.uni-bge.hu/9154

MARC

LEADER 00000nta a2200000 i 4500
001 dolg9154
005 20161216105033.0
008 161216suuuu hu om 000 hun d
040 |a BGE Dolgozattár Repozitórium  |b hun 
041 |a hu 
100 1 |a Móra Róbert 
245 1 0 |a Adatbányászat kaszinói környezetben  |c Móra Róbert  |h [elektronikus dokumentum] 
246 1 1 |a Adatbányászat kaszinói környezetben 
695 |a Adatbányászat 
695 |a RapidMiner 
695 |a döntési fa 
700 1 |a Nam Son Dr. Hua  |e ths 
856 4 0 |u http://dolgozattar.uni-bge.hu/9154/1/Adatb%C3%A1ny%C3%A1szat%20kaszin%C3%B3i%20k%C3%B6rnyezetben.pdf  |z Dokumentum-elérés 
856 4 0 |u http://dolgozattar.uni-bge.hu/9154/7/SKMBT_C25316121610320.pdf  |z Dokumentum-elérés